| 000 | 02978cam a2200493 i 4500 | ||
|---|---|---|---|
| 001 | ocn1416627891 | ||
| 003 | EG-ScBUE | ||
| 005 | 20250514091405.0 | ||
| 008 | 240105s2024 orua f 6 000 1 eng d | ||
| 020 | _a9781506741406 | ||
| 035 | _a(OCoLC)ocn1416627891 | ||
| 040 |
_aYDX _beng _erda _cYDX _dWIM _dOCLCO _dUIU _dOCLCO _dBDX _dVP@ _dYDX _dIG# _dUWB _dOCLCO _dEG-ScBUE |
||
| 041 | 1 |
_aeng _hjpn |
|
| 043 | _aa-ja--- | ||
| 082 | 0 | 4 |
_a741.5952 _222 _bTAN |
| 100 | 1 |
_aTanabe, Gou, _d1975- _eadapter, _eillustrator, _eauthor. |
|
| 240 | 1 | 0 |
_aCthulhu no yobigoe Lovecraft kessakushu. _lEnglish |
| 245 | 1 | 0 |
_aH.P. Lovecraft's The call of Cthulhu / _cadaptation and artwork bu Gou Tanabe ; translated by Zack Davisson ; lettering and touchup Steve Dutro ; editor Carl Gustav Horn. |
| 246 | 3 | 0 | _aCall of Cthulhu |
| 250 | _aFirst edition. | ||
| 264 | 1 |
_aMilwaukie, OR : _bDark Horse Manga, _c2024. |
|
| 300 |
_a282 pages : _bchiefly illustrations ; _c18 cm |
||
| 336 |
_atext _btxt _2rdacontent |
||
| 336 |
_astill image _bsti _2rdacontent |
||
| 337 |
_aunmediated _bn _2rdamedia |
||
| 338 |
_avolume _bnc _2rdacarrier |
||
| 500 | _aManga format; reads from right to left. | ||
| 500 | _aFirst published in Japan in 2019 by Kadokawa corporation, Tokyo. | ||
| 500 | _aTranslation of : Cthulhu no yobigoe Lovecraft kessakushu. | ||
| 500 | _aGraphic adaptation of Lovecraft's "The Call of Cthulhu"; originally written in English; published February, 1928 in "Weird Tales". | ||
| 520 | _a"What links together two bands of worshippers, one deep in the Arctic snows, one hidden in the bayous of Louisiana, is more than their shared practice of blood sacrifice. It is the inhuman phrase they both chant: Ph'nglui mglw'nafh Cthulhu R'lyeh wgah'nagl fhtagn--'In his house at R'lyeh dead Cthulhu waits dreaming.' Now these nightmares will disturb the sanity of Francis Thurston, a young man pursuing an investigation into the cult of Cthulhu that leads to the most forsaken spot in the vast Pacific...and to Earth's supreme terror, the risen corpse-city of R'lyeh. First published in 1928, The Call of Cthulhu, rendered in chilling detail by modern manga horror master Gou Tanabe, is the most famous of all of H.P. Lovecraft's stories, and was the namesake of the acclaimed role-playing game system set within the Cthulhu Mythos."--Back cover. | ||
| 546 | _aIn English, translated from the Japanese. | ||
| 650 | 7 |
_aSupernatural _vComic books, strips, etc. _2BUEsh |
|
| 650 | 7 |
_aCults _vComic books, strips, etc. _2BUEsh |
|
| 650 | 7 |
_aGods _vComic books, strips, etc. _2BUEsh |
|
| 650 | 7 |
_aComic books, strips, etc. _zJapan _vTranslations into English. _2BUEsh |
|
| 653 |
_cMay2025 _bGGEN |
||
| 655 | _vReading book | ||
| 700 | 1 |
_aDutro, Steve, _eillustrator, _eletterer. |
|
| 700 | 1 |
_aDavisson, Zack, _etranslator. |
|
| 700 | 1 |
_imanga adaptation of (work) _aLovecraft, H. P. _q(Howard Phillips), _d1890-1937. _tCall of Cthulhu. |
|
| 700 | 1 |
_aHorn , Carl Gustav, _eeditor. |
|
| 942 |
_2ddc _cBB |
||
| 999 |
_c30986 _d30957 |
||